S-stem nouns and adjectives in Greek and Proto-Indo-European : a diachronic study in word formation
Αποθηκεύτηκε σε:
| Κύριος συγγραφέας: | |
|---|---|
| Μορφή: | Βιβλίο |
| Γλώσσα: | English |
| Δημοσίευση: |
[Oxford]; [New York] :
Oxford University Press,
[2006]
|
| Σειρά: | Oxford classical monographs
|
| Θέματα: | |
| Ετικέτες: |
Προσθήκη ετικέτας
Δεν υπάρχουν, Καταχωρήστε ετικέτα πρώτοι!
|
MARC
| LEADER | 00000nam a2200000 i 4500 | ||
|---|---|---|---|
| 001 | 1/65694 | ||
| 008 | 071203s2006 eng d | ||
| 020 | |a 978-0-19-928008-7 (hbk.) | ||
| 020 | |a 0-19-928008-8 (hbk.) | ||
| 035 | |l 10092757 | ||
| 040 | |a GR-MY-UA |b gre |e aacr | ||
| 041 | 0 | |a eng | |
| 082 | 0 | |a 485 |2 (22) | |
| 100 | 1 | |a Meissner, Torsten. | |
| 245 | 1 | 0 | |a S-stem nouns and adjectives in Greek and Proto-Indo-European : |b a diachronic study in word formation / |c Torstein Meissner |
| 260 | |a [Oxford]; [New York] : |b Oxford University Press, |c [2006] | ||
| 300 | |a xii, 264 σ.; |c 22 εκ. | ||
| 490 | 1 | |a Oxford classical monographs | |
| 504 | |a Βιβλιογραφία: σ. [227]-241. Ευρετήριο | ||
| 650 | 0 | 0 | |a Greek language |x Grammar, Comparative |x Proto-Indo-European language. |
| 650 | 0 | 0 | |a Proto-Indo-European language |x Grammar, Comparative |x Greek. |
| 650 | 0 | 0 | |a Greek language |x Word formation. |
| 650 | 0 | 0 | |a Proto-Indo-European language |x Word formation. |
| 650 | 0 | 0 | |a Greek language |x Nouns. |
| 650 | 0 | 0 | |a Proto-Indo-European language |x Noun. |
| 650 | 0 | 0 | |a Proto-Indo-European language |x Adjective. |
| 650 | 0 | 0 | |a Greek language |x Adjective. |
| 830 | 0 | |a Oxford classical monographs | |
| 852 | |a INST |b RHODES |e 20071203 |h 485 MEI |p 005400025171 |q 005400025171 |t BK |y 0 | ||
| 901 | |a BIBL4-2007-3 | ||
| 909 | |a Ρ |b 140486 | ||
| 922 | |a 4ΕΛΗ |b 200711 |c ΕΠΕΑΕΚ2/ΤΜΣ |d ΕΛΕΥΘΕΡΟΥΔΑΚΗΣ | ||
| 970 | |a ΧΑΡΙΟΠΟΛΙΤΟΥ |b ΚΩΝΣΤΑΝΤΙΝΑ |z 2007/12/03 | ||